| 000 | 03995cam a2200613 a 4500 | ||
|---|---|---|---|
| 999 |
_c3360 _d3360 |
||
| 001 | ocm50527360 | ||
| 003 | OCoLC | ||
| 005 | 20170825123930.0 | ||
| 008 | 020503s2003 enkac b 001 0 eng | ||
| 015 |
_aGBA2V2313 _2bnb |
||
| 016 | 7 |
_a007724159 _2Uk |
|
| 020 | _a1851683097 (pbk.) | ||
| 020 | _a9781851683093 (pbk.) | ||
| 029 | 1 |
_aNLGGC _b242781403 |
|
| 029 | 1 |
_aYDXCP _b100303019 |
|
| 029 | 1 |
_aNZ1 _b7143373 |
|
| 029 | 1 |
_aAU@ _b000025913408 |
|
| 029 | 1 |
_aUNITY _b001467379 |
|
| 029 | 1 |
_aBIRCL _b1851683097 |
|
| 029 | 1 |
_aCOVCL _b1851683097 |
|
| 029 | 1 |
_aUKLBR _b1851683097 |
|
| 029 | 1 |
_aUKTDV _b1851683097 |
|
| 029 | 1 |
_aUKCLM _b1851683097 |
|
| 029 | 1 |
_aUKKLI _b1851683097 |
|
| 029 | 1 |
_aUKWLI _b1851683097 |
|
| 029 | 1 |
_aUKCHS _b1851683097 |
|
| 035 | _a(OCoLC)50527360 | ||
| 040 |
_aUKM _beng _cUKM _dC#P _dGHS _dDAY _dNLGGC _dBAKER _dLVB _dYDXCP _dNZAUC _dOCLCG _dYLS _dOCLCQ _dUKMGB |
||
| 042 | _apcc | ||
| 049 | _aTZAA | ||
| 050 | 4 |
_aBL65.H78 _bH86 2003 |
|
| 082 | 0 | 4 |
_a201.7 _222 |
| 082 | 0 | 4 |
_a291.177 _221 |
| 084 |
_a11.01 _2bcl |
||
| 245 | 0 | 0 |
_aHuman rights and responsibilities in the world religions / _cedited by Joseph Runzo, Nancy M. Martin, and Arvind Sharma. |
| 260 |
_aOxford : _bOneworld, _cc2003. |
||
| 300 |
_axx, 380 p. : _bill., ports. ; _c22 cm. |
||
| 490 | 1 |
_aThe library of global ethics and religion ; _vv. 4 |
|
| 504 | _aIncludes bibliographical references and index. | ||
| 505 | 0 | 0 |
_tSecular rights and religious responsibilities / _rJoseph Runzo -- _tSynergy and interdependence of human rights, religion, and secularism / _rAbdullahi A. An-Naʻim -- _tFaith, faiths, and the future: the first two limbs of Yoga / _rArindam Chakrabarti -- _tReligious perspective: dignity as a foundation for human rights discourse / _rArvind Sharma -- _tRats, cockroaches, and people like us: views of humanity and human rights / _rGerrie ter Haar -- _tHumanitarian intervention, international law, and the world religions / _rBrian D. Lepard -- _tHuman rights, environmental rights, and religion / _rJames Kellenberger -- _tTowards a declaration of human rights by the world's religions / _rArvind Sharma -- _tUniversal declaration of human rights by the world's religions -- _tUniversal declaration of human rights by the world's religions: a Jewish perspective / _rCharlotte Elisheva Fonrobert -- _tChristian response to the Universal declaration of human rights by the world's religions / _rJerry Irish -- _t"This tremor of western wisdom": a Muslim response to human rights and the declaration / _rAmir Hussain -- _tCan one size fit all? Indic perspectives on the declaration of human rights by the world's religions / _rChristopher Key Chapple -- _tInterreligious dialogue, globalization, and human rights: Buddhist reflections on interdependence and the declaration / _rDavid W. Chappell -- _tHuman rights and responsibilities: a Confucian perspective on the Universal declaration of human rights / _rJohn Berthrong -- _tJewish perspective on human rights / _rElliot N. Dorff -- _tChristian ethics and human rights / _rPhilip Quinn -- _tBuddhism and human rights: the recent Buddhist discussion and its implications for Christianity / _rJames Fredericks -- _tRights, roles, and reciprocity in Hindu dharma / _rNancy M. Martin -- _tConfucian values and human rights / _rSumner B. Twiss -- _tHuman rights commitment in modern Islam / _rKhaled Abou El Fadl. |
| 600 | _2on order | ||
| 650 | 0 |
_aHuman rights _xReligious aspects. |
|
| 650 | 0 |
_aReligion and ethics. _94255 |
|
| 650 | 6 |
_aDroits de l'homme (Droit international) _xAspect religieux. |
|
| 650 | 6 |
_aReligion et morale. _94257 |
|
| 650 | 1 | 7 |
_aMensenrechten. _2gtt |
| 650 | 1 | 7 |
_aGodsdiensten. _2gtt _91061 |
| 700 | 1 |
_aRunzo, Joseph, _d1948- _94258 |
|
| 700 | 1 |
_aMartin, Nancy M. _94259 |
|
| 700 | 1 |
_aSharma, Arvind. _94260 |
|
| 776 | 0 | 8 |
_iOnline version: _tHuman rights and responsibilities in the world religions. _dOxford : Oneworld, c2003 _w(OCoLC)607354618 |
| 830 | 0 |
_aLibrary of global ethics and religion ; _vv. 4. |
|
| 942 |
_2lcc _cBOOK |
||